000 00498cam a2200205ua 4500
001 6112
008 131119n ii |||gr||||Z||||||eng
020 _a81-7096-363-X
040 _cMAIN
082 _a657.42
245 _aCost Accounting
_cBy S.P. Jain
250 _a12th ed.
260 _aLudhiana:
_bKalyani Publishers ,
_c1996.
300 _ax,6.125p.
653 _aCommerce
653 _aCost Accounting
700 _aJain,S.P.,
_eAuthor.,
700 _aNarang,K.L.,
_eAuthor.
942 _cBK
999 _c5264
_d5264